Digitalisation of Financial Services in Slovakia

Saved in:
Bibliographic Details
Main Author: Makúch, Jozef, 1953-
Format: Book Chapter
Language:English
Subjects:
Tags: Add Tag
No Tags, Be the first to tag this record!

MARC

LEADER 00000naa a2200000 4500
001 0305976
005 20250113083056.8
041 0 |a eng 
044 |a SK 
245 1 0 |a Digitalisation of Financial Services in Slovakia  |c Jozef Makúch 
500 |a Abstrakt 
610 2 0 |a služby finančné 
610 2 0 |a digitalizácia 
610 2 0 |a inovácia 
610 2 0 |a Slovensko 
610 2 0 |a rast hospodársky 
100 1 |a Makúch, Jozef, 1953-